=LDR 00000nam 2200000 4500 =001 INLIS000000000012088 =005 20130612103630 =008 ***********************************Ind** =035 ##$$0010-061300000012088 =041 ##$$a Ind =082 ##$$a 574.92 =090 ##$$a 574.92, Keh k =245 ##$$a Kehidupan dalam laut =250 ##$$a Seri dasar IPA =260 ##$$a 1976 $b Jakarta =300 ##$$a 32 hlm., Ilus, 21 cm =650 ##$$a Laut =850 ##$$a NBPNMAT